[Event "World Junior U20 Girls 2018"]
[Site "Gebze"]
[Date "2018.09.08"]
[Round "5"]
[White "Sade, Defne"]
[Black "Tian, Shi Yuan"]
[Result "1/2-1/2"]
[WhiteElo "1826"]
[BlackElo "1923"]
[Annotator "NA"]
[PlyCount "93"]
[EventDate "2018.09.05"]
[EventType "swiss"]
[EventCountry "TUR"]
[SourceTitle "playchess.com"]
[Source "ChessBase"]
[SourceQuality "1"]
[TimeControl "40/5400+30:1800+30"]

1. e4 {[%emt 0:00:30]} e6 {[%emt 0:02:30]} 2. d4 {[%emt 0:00:30]} d5 {[%emt 0:00:00]} 3. Nd2 {[%emt 0:00:00]} c5 {[%emt 0:00:00]} 4. exd5 {[%emt 0:00:00]} Qxd5 {[%emt 0:00:30]} 5. Ngf3 {[%emt 0:00:30]} cxd4 {[%emt 0:00:30]} 6. Bc4 {[%emt 0:00:30]} Qd7 {[%emt 0:00:00]} 7. O-O {[%emt 0:00:30]} Nf6 {[%emt 0:00:00]} 8. Nb3 {[%emt 0:00:30]} Nc6 {[%emt 0:00:00]} 9. Nbxd4 {[%emt 0:00:30]} Nxd4 {[%emt 0:00:00]} 10. Nxd4 {[%emt 0:00:30]} a6 {[%emt 0:00:30]} 11. Bb3 {[%emt 0:00:00]} Bc5 {[%emt 0:02:30]} 12. Be3 {[%emt 0:04:00]} Qc7 {[%emt 0:01:30]} 13. Re1 {[%emt 0:08:30]} Bd7 {[%emt 0:06:30]} 14. c3 {[%emt 0:01:30]} Bd6 {[%emt 0:07:30]} 15. h3 {[%emt 0:02:30]} O-O-O {[%emt 0:06:30]} 16. Qe2 {[%emt 0:06:30]} Kb8 {[%emt 0:18:30]} 17. c4 {[%emt 0:02:30]} Bf4 {[%emt 0:10:30]} 18. a3 {[%emt 0:10:30]} Rhg8 {[%emt 0:07:30]} 19. Ba2 {[%emt 0:01:30]} Bc8 {[%emt 0:01:30]} 20. Rad1 {[%emt 0:01:30]} Rd7 {[%emt 0:07:30]} 21. Nf3 {[%emt 0:01:30]} Bxe3 {[%emt 0:02:30]} 22. Qxe3 {[%emt 0:01:30]} Rxd1 {[%emt 0:02:30]} 23. Rxd1 {[%emt 0:00:00]} Rd8 {[%emt 0:00:30]} 24. Rxd8 {[%emt 0:02:00]} Qxd8 {[%emt 0:00:30]} 25. Qe5+ {[%emt 0:00:00]} Ka8 {[%emt 0:00:30]} 26. Nd4 {[%emt 0:01:00]} Bd7 {[%emt 0:01:30]} 27. b4 {[%emt 0:04:30]} Qb8 {[%emt 0:01:30]} 28. Nf3 {[%emt 0:04:30]} Qxe5 {[%emt 0:00:30]} 29. Nxe5 {[%emt 0:00:00]} Be8 {[%emt 0:00:30]} 30. f3 {[%emt 0:04:00]} Nd7 {[%emt 0:00:59]} 31. Nxd7 {[%emt 0:00:30]} Bxd7 {[%emt 0:00:01]} 32. Kf2 {[%emt 0:00:30]} Kb8 {[%emt 0:00:42]} 33. Ke3 {[%emt 0:00:00]} Kc7 {[%emt 0:00:18]} 34. Kd4 {[%emt 0:00:00]} Ba4 {[%emt 0:03:12]} 35. Bb1 {[%emt 0:03:30]} h6 {[%emt 0:00:15]} 36. f4 {[%emt 0:01:30]} Bc6 {[%emt 0:04:04]} 37. g3 {[%emt 0:00:30]} Bg2 {[%emt 0:01:13]} 38. h4 {[%emt 0:00:30]} Bc6 {[%emt 0:00:15]} 39. Bc2 {[%emt 0:01:30]} Bf3 {[%emt 0:01:49]} 40. Bd3 {[%emt 0:00:00]} Bd1 {[%emt 0:00:00]} 41. Ke5 {[%emt 0:08:00]} Bg4 {[%emt 0:07:12]} 42. Bc2 {[%emt 0:06:30]} f6+ {[%emt 0:01:30]} 43. Kd4 {[%emt 0:00:30]} Kd6 {[%emt 0:04:30]} 44. c5+ {[%emt 0:08:30]} Kc7 {[%emt 0:04:30]} 45. Be4 {[%emt 0:04:30]} Bd1 {[%emt 0:01:30]} 46. Bg2 {[%emt 0:05:30]} Bg4 {[%emt 0:04:30]} 47. Ke4 {[%emt 0:05:30]} 1/2-1/2

[Event "World Junior U20 Girls 2018"]
[Site "Gebze"]
[Date "2018.09.08"]
[Round "5"]
[White "Duran, Esma Doga"]
[Black "Aubert, Laurane"]
[Result "1/2-1/2"]
[WhiteElo "1825"]
[BlackElo "1970"]
[Annotator "NA"]
[PlyCount "95"]
[EventDate "2018.09.05"]
[EventType "swiss"]
[EventCountry "TUR"]
[SourceTitle "playchess.com"]
[Source "ChessBase"]
[SourceQuality "1"]
[TimeControl "40/5400+30:1800+30"]

1. d4 {[%emt 0:00:30]} d5 {[%emt 0:00:30]} 2. Nf3 {[%emt 0:00:00]} Nf6 {[%emt 0:00:30]} 3. c4 {[%emt 0:00:00]} e6 {[%emt 0:00:00]} 4. Nc3 {[%emt 0:00:30]} Nbd7 {[%emt 0:00:00]} 5. Bg5 {[%emt 0:01:30]} Be7 {[%emt 0:00:30]} 6. cxd5 {[%emt 0:00:30]} exd5 {[%emt 0:00:00]} 7. Qc2 {[%emt 0:00:00]} c6 {[%emt 0:00:00]} 8. e3 {[%emt 0:00:00]} O-O {[%emt 0:01:30]} 9. Bd3 {[%emt 0:00:00]} Re8 {[%emt 0:00:30]} 10. O-O {[%emt 0:00:00]} Nf8 {[%emt 0:00:30]} 11. Rab1 {[%emt 0:10:30]} Ng6 {[%emt 0:01:30]} 12. Ne5 {[%emt 0:04:30]} Nxe5 {[%emt 0:13:30]} 13. dxe5 {[%emt 0:00:00]} Ng4 {[%emt 0:00:00]} 14. Bf4 {[%emt 0:07:00]} Bf8 {[%emt 0:02:00]} 15. Bxh7+ {[%emt 0:01:30]} Kh8 {[%emt 0:00:30]} 16. Bf5 {[%emt 0:10:30]} Nxe5 {[%emt 0:01:30]} 17. Bxc8 {[%emt 0:12:30]} Qxc8 {[%emt 0:02:30]} 18. b4 {[%emt 0:11:30]} a6 {[%emt 0:02:30]} 19. a4 {[%emt 0:00:30]} Nc4 {[%emt 0:01:30]} 20. Qd3 {[%emt 0:01:30]} Qe6 {[%emt 0:02:30]} 21. Rfe1 {[%emt 0:02:30]} Qf6 {[%emt 0:04:30]} 22. Bg3 {[%emt 0:07:30]} Ne5 {[%emt 0:13:30]} 23. Qd4 {[%emt 0:02:30]} Kg8 {[%emt 0:12:30]} 24. b5 {[%emt 0:05:30]} axb5 {[%emt 0:01:30]} 25. axb5 {[%emt 0:00:00]} Ra3 {[%emt 0:09:30]} 26. Rec1 {[%emt 0:05:05]} Qf5 {[%emt 0:04:30]} 27. Bxe5 {[%emt 0:02:26]} Qxe5 {[%emt 0:06:37]} 28. Qxe5 {[%emt 0:07:56]} Rxe5 {[%emt 0:00:05]} 29. bxc6 {[%emt 0:00:41]} bxc6 {[%emt 0:00:18]} 30. Ra1 {[%emt 0:04:59]} Re8 {[%emt 0:02:46]} 31. Rxa3 {[%emt 0:00:20]} Bxa3 {[%emt 0:00:29]} 32. Rb1 {[%emt 0:00:26]} Rd8 {[%emt 0:01:48]} 33. Kf1 {[%emt 0:00:52]} Kf8 {[%emt 0:01:13]} 34. Ke2 {[%emt 0:00:21]} Ke7 {[%emt 0:01:03]} 35. Rb7+ {[%emt 0:00:17]} Ke6 {[%emt 0:00:00]} 36. Kd3 {[%emt 0:00:59]} Bd6 {[%emt 0:04:48]} 37. f4 {[%emt 0:01:43]} g6 {[%emt 0:01:07]} 38. h3 {[%emt 0:00:21]} Ra8 {[%emt 0:05:09]} 39. Rb6 {[%emt 0:00:01]} Rc8 {[%emt 0:01:26]} 40. e4 {[%emt 0:00:00]} dxe4+ {[%emt 0:00:00]} 41. Kxe4 {[%emt 0:02:03]} Kd7 {[%emt 0:07:41]} 42. Rb7+ {[%emt 0:01:30]} Bc7 {[%emt 0:01:30]} 43. f5 {[%emt 0:02:30]} Re8+ {[%emt 0:00:30]} 44. Kf3 {[%emt 0:01:30]} Re5 {[%emt 0:01:30]} 45. fxg6 {[%emt 0:00:30]} fxg6 {[%emt 0:00:30]} 46. Ne4 {[%emt 0:01:30]} c5 {[%emt 0:03:30]} 47. Rb5 {[%emt 0:01:30]} Kc6 {[%emt 0:00:30]} 48. Rxc5+ {[%emt 0:00:00]} 1/2-1/2

[Event "World Junior U20 Girls 2018"]
[Site "Gebze"]
[Date "2018.09.08"]
[Round "5"]
[White "Caxita, Esperanca"]
[Black "Koo, Wei Xin Rosamund"]
[Result "1/2-1/2"]
[WhiteElo "1803"]
[BlackElo "1918"]
[Annotator "NA"]
[PlyCount "105"]
[EventDate "2018.09.05"]
[EventType "swiss"]
[EventCountry "TUR"]
[SourceTitle "playchess.com"]
[Source "ChessBase"]
[SourceQuality "1"]
[TimeControl "40/5400+30:1800+30"]

1. e4 {[%emt 0:00:30]} c5 {[%emt 0:00:30]} 2. Nf3 {[%emt 0:00:30]} Nc6 {[%emt 0:00:30]} 3. d4 {[%emt 0:00:30]} cxd4 {[%emt 0:00:00]} 4. Nxd4 {[%emt 0:00:30]} Nf6 {[%emt 0:00:00]} 5. Nc3 {[%emt 0:00:00]} g6 {[%emt 0:00:00]} 6. Be3 {[%emt 0:00:00]} Bg7 {[%emt 0:00:00]} 7. Bc4 {[%emt 0:00:30]} O-O {[%emt 0:00:30]} 8. Bb3 {[%emt 0:00:00]} Ng4 {[%emt 0:03:30]} 9. Qxg4 {[%emt 0:11:00]} Nxd4 {[%emt 0:00:30]} 10. Qd1 {[%emt 0:00:30]} Nc6 {[%emt 0:01:30]} 11. Qd2 {[%emt 0:00:30]} d6 {[%emt 0:01:30]} 12. O-O {[%emt 0:04:30]} Be6 {[%emt 0:05:30]} 13. f4 {[%emt 0:05:30]} Qc8 {[%emt 0:00:30]} 14. Rab1 {[%emt 0:01:30]} Na5 {[%emt 0:15:30]} 15. Nd5 {[%emt 0:04:30]} Bxd5 {[%emt 0:00:30]} 16. Bxd5 {[%emt 0:00:30]} Nc4 {[%emt 0:00:30]} 17. Qe2 {[%emt 0:05:30]} Nxe3 {[%emt 0:02:30]} 18. Qxe3 {[%emt 0:00:30]} Qxc2 {[%emt 0:04:30]} 19. Rfc1 {[%emt 0:06:30]} Qa4 {[%emt 0:00:30]} 20. Qd3 {[%emt 0:03:30]} Qd7 {[%emt 0:15:30]} 21. Qb3 {[%emt 0:01:30]} Rab8 {[%emt 0:00:30]} 22. Rc2 {[%emt 0:02:30]} e6 {[%emt 0:00:30]} 23. Bc4 {[%emt 0:00:30]} b5 {[%emt 0:06:30]} 24. Be2 {[%emt 0:01:30]} a6 {[%emt 0:05:30]} 25. Rd1 {[%emt 0:00:30]} Rfd8 {[%emt 0:06:30]} 26. Rcd2 {[%emt 0:01:30]} Bf8 {[%emt 0:09:52]} 27. Qh3 {[%emt 0:01:30]} Rbc8 {[%emt 0:06:25]} 28. Kh1 {[%emt 0:04:30]} a5 {[%emt 0:01:26]} 29. f5 {[%emt 0:03:30]} exf5 {[%emt 0:01:25]} 30. exf5 {[%emt 0:00:30]} Rc5 {[%emt 0:00:16]} 31. fxg6 {[%emt 0:01:30]} hxg6 {[%emt 0:00:36]} 32. Qxd7 {[%emt 0:02:30]} Rxd7 {[%emt 0:00:07]} 33. Rd5 {[%emt 0:03:30]} Rdc7 {[%emt 0:00:27]} 34. R5d2 {[%emt 0:04:30]} b4 {[%emt 0:00:52]} 35. b3 {[%emt 0:00:30]} Rc2 {[%emt 0:01:32]} 36. Bc4 {[%emt 0:01:30]} Rxd2 {[%emt 0:00:06]} 37. Rxd2 {[%emt 0:00:00]} Rc5 {[%emt 0:00:06]} 38. Kg1 {[%emt 0:00:00]} Re5 {[%emt 0:02:12]} 39. Kf2 {[%emt 0:05:30]} Kg7 {[%emt 0:00:35]} 40. Kf3 {[%emt 0:00:00]} f5 {[%emt 0:00:00]} 41. h3 {[%emt 0:03:00]} Kf6 {[%emt 0:04:03]} 42. g4 {[%emt 0:03:30]} Ke7 {[%emt 0:21:07]} 43. g5 {[%emt 0:06:30]} Bg7 {[%emt 0:00:09]} 44. Bd5 {[%emt 0:05:30]} Re1 {[%emt 0:02:03]} 45. Re2+ {[%emt 0:06:30]} Rxe2 {[%emt 0:00:30]} 46. Kxe2 {[%emt 0:00:00]} Bb2 {[%emt 0:01:36]} 47. Kf3 {[%emt 0:02:00]} Bc1 {[%emt 0:00:16]} 48. h4 {[%emt 0:00:30]} Bd2 {[%emt 0:00:03]} 49. Ke2 {[%emt 0:00:30]} Bf4 {[%emt 0:00:09]} 50. Kf3 {[%emt 0:00:30]} Bd2 {[%emt 0:00:02]} 51. Ke2 {[%emt 0:00:30]} Bc3 {[%emt 0:00:10]} 52. Bc4 {[%emt 0:00:30]} Be5 {[%emt 0:00:30]} 53. Kf3 {[%emt 0:00:30]} 1/2-1/2

[Event "World Junior U20 Girls 2018"]
[Site "Gebze"]
[Date "2018.09.08"]
[Round "5"]
[White "Can, Isil"]
[Black "Heydarova, Aytaj"]
[Result "1-0"]
[WhiteElo "1798"]
[BlackElo "1948"]
[Annotator "NA"]
[PlyCount "99"]
[EventDate "2018.09.05"]
[EventType "swiss"]
[EventCountry "TUR"]
[SourceTitle "playchess.com"]
[Source "ChessBase"]
[SourceQuality "1"]
[TimeControl "40/5400+30:1800+30"]

1. e4 {[%emt 0:00:30]} c5 {[%emt 0:01:30]} 2. Nf3 {[%emt 0:00:00]} d6 {[%emt 0:00:30]} 3. d4 {[%emt 0:00:00]} cxd4 {[%emt 0:00:30]} 4. Nxd4 {[%emt 0:00:30]} Nf6 {[%emt 0:00:30]} 5. Nc3 {[%emt 0:00:00]} g6 {[%emt 0:00:00]} 6. Be3 {[%emt 0:00:00]} Bg7 {[%emt 0:00:00]} 7. f3 {[%emt 0:00:30]} Nc6 {[%emt 0:00:00]} 8. Qd2 {[%emt 0:00:00]} O-O {[%emt 0:00:00]} 9. Bc4 {[%emt 0:00:00]} a6 {[%emt 0:01:30]} 10. h4 {[%emt 0:00:00]} Nxd4 {[%emt 0:01:30]} 11. Bxd4 {[%emt 0:00:00]} Be6 {[%emt 0:00:00] B77: Sicilian Dragon: Yugoslav Attack, 9 Bc4 sidelines} (11... b5 12. Bb3 h5 13. a4 bxa4 14. Nxa4 Rb8 15. Nc3 a5 16. Ne2 Ba6 17. Qxa5 Bxe2 18. Kxe2 Qc8 19. Qa6 {1-0 (67) Nepomniachtchi,I (2520)-Postny,E (2591) playchess.com INT 2006}) 12. Bb3 {[%emt 0:02:30]} Qa5 {[%emt 0:05:00]} 13. O-O-O {[%emt 0:00:30]} Rfc8 {[%emt 0:02:30]} 14. Kb1 {[%emt 0:00:30]} b5 {[%emt 0:10:30]} 15. h5 $146 {[%emt 0:17:30]} ({Predecessor:} 15. Rhe1 Bxb3 16. cxb3 b4 17. Nd5 Nxd5 18. Bxg7 Nc3+ 19. bxc3 bxc3 20. Bxc3 Rxc3 {1-0 (41) Tal,M-Portisch,L Oberhausen 1961}) 15... Bc4 {[%emt 0:16:30]} 16. hxg6 {[%emt 0:02:30]} hxg6 {[%emt 0:02:30]} 17. Rh2 {[%emt 0:11:30]} Kf8 {[%emt 0:32:30]} 18. Rdh1 {[%emt 0:09:30]} e5 {[%emt 0:06:02]} 19. Be3 {[%emt 0:22:30]} Qc7 {[%emt 0:04:15]} 20. Bg5 {[%emt 0:06:30]} b4 {[%emt 0:06:09]} 21. Bxf6 {[%emt 0:09:32]} Bxf6 {[%emt 0:00:20]} 22. Nd5 {[%emt 0:00:45]} Bxd5 {[%emt 0:00:40]} 23. Bxd5 {[%emt 0:00:29]} Rab8 {[%emt 0:01:01]} 24. Rh7 {[%emt 0:01:21]} Bg7 {[%emt 0:00:24]} 25. Bb3 {[%emt 0:05:39]} Rb5 {[%emt 0:00:44]} 26. Qg5 {[%emt 0:05:10]} Rc5 {[%emt 0:02:09]} 27. Rh8+ {[%emt 0:03:00]} Bxh8 {[%emt 0:00:30]} 28. Rxh8+ {[%emt 0:00:30]} Kg7 {[%emt 0:00:00]} 29. Qh6+ {[%emt 0:00:00]} Kf6 {[%emt 0:00:16]} 30. Qh4+ {[%emt 0:00:00]} g5 {[%emt 0:04:01]} 31. Qh6+ {[%emt 0:00:00]} Ke7 {[%emt 0:00:30]} 32. Qxg5+ {[%emt 0:00:00]} Kd7 {[%emt 0:00:00]} 33. Ba4+ {[%emt 0:00:51]} Rc6 {[%emt 0:00:26]} 34. Qf5+ {[%emt 0:01:38]} Ke7 {[%emt 0:00:01]} 35. Qg5+ {[%emt 0:02:11]} Kd7 {[%emt 0:00:25]} 36. Qg4+ {[%emt 0:00:50]} Ke7 {[%emt 0:00:24]} 37. Qh4+ {[%emt 0:00:57]} Kd7 {[%emt 0:00:29]} 38. Qh3+ {[%emt 0:00:50]} Ke7 {[%emt 0:00:18]} 39. Qh4+ {[%emt 0:00:08]} Kd7 {[%emt 0:00:35]} 40. Qg4+ {[%emt 0:00:00]} Ke7 {[%emt 0:00:00]} 41. Rh7 {[%emt 0:13:21]} Rf8 {[%emt 0:03:21]} 42. Qg5+ {[%emt 0:00:30]} Ke8 {[%emt 0:00:30]} 43. Qd2 {[%emt 0:00:44]} Ke7 {[%emt 0:04:30]} 44. Bxc6 {[%emt 0:00:30]} Qxc6 {[%emt 0:00:00]} 45. Qxb4 {[%emt 0:00:07]} Rg8 {[%emt 0:03:00]} 46. g4 {[%emt 0:01:00]} Rg6 {[%emt 0:00:30]} 47. Qb3 $18 {[%emt 0:00:44]} Re6 {[%emt 0:02:30]} 48. Qe3 {[%emt 0:00:27]} Qe8 {[%emt 0:01:30]} 49. Qa7+ {[%emt 0:00:34]} Kf6 {[%emt 0:00:30]} 50. Rh5 {[%emt 0:03:08]} 1-0

[Event "World Junior U20 Girls 2018"]
[Site "Gebze"]
[Date "2018.09.08"]
[Round "5"]
[White "Anacoglu, Cisel"]
[Black "Hereklioglu, Sude"]
[Result "0-1"]
[WhiteElo "1791"]
[BlackElo "1930"]
[Annotator "NA"]
[PlyCount "62"]
[EventDate "2018.09.05"]
[EventType "swiss"]
[EventCountry "TUR"]
[SourceTitle "playchess.com"]
[Source "ChessBase"]
[SourceQuality "1"]
[TimeControl "40/5400+30:1800+30"]

1. e4 {[%emt 0:00:30]} c5 {[%emt 0:00:30]} 2. Nf3 {[%emt 0:00:30]} e6 {[%emt 0:00:00]} 3. d4 {[%emt 0:00:00]} cxd4 {[%emt 0:00:00]} 4. Nxd4 {[%emt 0:00:00]} Nc6 {[%emt 0:00:30]} 5. Nc3 {[%emt 0:00:00]} Qc7 {[%emt 0:00:30]} 6. g3 {[%emt 0:00:00]} a6 {[%emt 0:00:30]} 7. Bg2 {[%emt 0:00:00]} Nf6 {[%emt 0:00:30]} 8. O-O {[%emt 0:00:00]} Be7 {[%emt 0:02:30]} 9. Re1 {[%emt 0:01:30]} O-O {[%emt 0:03:30]} 10. Nxc6 {[%emt 0:04:30]} bxc6 {[%emt 0:00:30]} 11. e5 {[%emt 0:03:30]} Nd5 {[%emt 0:05:30]} 12. Bd2 {[%emt 0:10:30]} f6 {[%emt 0:07:30]} 13. Nxd5 {[%emt 0:04:30]} cxd5 {[%emt 0:02:30]} 14. exf6 {[%emt 0:24:30]} Bxf6 {[%emt 0:02:30]} 15. Bb4 {[%emt 0:05:30]} Rd8 {[%emt 0:08:30]} 16. Qd2 {[%emt 0:06:30]} a5 {[%emt 0:01:30]} 17. Ba3 {[%emt 0:07:30]} Ba6 {[%emt 0:11:30]} 18. Rac1 {[%emt 0:04:30]} Qc4 {[%emt 0:16:30]} 19. Qxa5 {[%emt 0:16:15]} Qxa2 {[%emt 0:00:30]} 20. Ra1 {[%emt 0:01:16]} Qc4 {[%emt 0:00:00]} 21. Bf1 {[%emt 0:04:00]} Qc6 {[%emt 0:01:00]} 22. Bxa6 {[%emt 0:00:33]} Rxa6 {[%emt 0:00:30]} 23. Qd2 {[%emt 0:00:26]} Rc8 {[%emt 0:00:30]} 24. c3 {[%emt 0:00:46]} Rca8 {[%emt 0:02:30]} 25. Rac1 {[%emt 0:00:20]} Ra4 {[%emt 0:08:30]} 26. Qd3 {[%emt 0:03:25]} Rxa3 {[%emt 0:06:02]} 27. bxa3 {[%emt 0:00:30]} Rxa3 {[%emt 0:00:00]} 28. Red1 {[%emt 0:01:53]} d4 {[%emt 0:02:40]} 29. Qd2 {[%emt 0:00:25]} Rxc3 {[%emt 0:01:05]} 30. Rxc3 {[%emt 0:00:03]} dxc3 {[%emt 0:00:03]} 31. Qa2 {[%emt 0:01:05]} d5 {[%emt 0:08:06]} 0-1

[Event "World Junior U20 Girls 2018"]
[Site "Gebze"]
[Date "2018.09.08"]
[Round "5"]
[White "Huttl, Sofie"]
[Black "Nemcova, Karin"]
[Result "1/2-1/2"]
[WhiteElo "1727"]
[BlackElo "1990"]
[Annotator "NA"]
[PlyCount "67"]
[EventDate "2018.09.05"]
[EventType "swiss"]
[EventCountry "TUR"]
[SourceTitle "playchess.com"]
[Source "ChessBase"]
[SourceQuality "1"]
[TimeControl "40/5400+30:1800+30"]

1. e4 {[%emt 0:00:30]} d5 {[%emt 0:00:30]} 2. exd5 {[%emt 0:00:30]} Qxd5 {[%emt 0:00:00]} 3. Nc3 {[%emt 0:00:00]} Qd6 {[%emt 0:00:00]} 4. d4 {[%emt 0:00:00]} Nf6 {[%emt 0:00:00]} 5. h3 {[%emt 0:03:30] B01: Scandinavian Defence} (5. a3 c6 6. Bc4 Be6 7. Bxe6 Qxe6+ 8. Nge2 Qd7 9. O-O e6 10. Ng3 Be7 11. Nce4 Nxe4 12. Nxe4 Qd5 {0-1 (38) Mamedov,R (2709)-Carlsen,M (2834) chess.com INT 2018}) 5... c6 {[%emt 0:02:00]} 6. Nf3 {[%emt 0:00:30]} Bf5 {[%emt 0:00:30]} 7. Bd3 {[%emt 0:05:30]} Bxd3 {[%emt 0:02:30]} 8. Qxd3 {[%emt 0:00:00]} e6 {[%emt 0:00:30]} 9. Ne4 {[%emt 0:03:00]} Nxe4 {[%emt 0:01:30]} 10. Qxe4 {[%emt 0:00:30]} Be7 {[%emt 0:00:30]} 11. O-O {[%emt 0:00:30]} Nd7 {[%emt 0:07:30]} 12. c3 {[%emt 0:10:30]} Nf6 $146 {[%emt 0:01:30]} ({Predecessor:} 12... O-O 13. Bg5 Bxg5 14. Nxg5 {0-1 (53) Khukhashvili,S (2396)-Mirzoev,A (2565) Baku 2012}) 13. Qe5 {[%emt 0:01:30]} O-O {[%emt 0:05:30]} 14. Bf4 {[%emt 0:02:30]} Qd5 {[%emt 0:03:30]} 15. Qc7 {[%emt 0:05:30]} Qd7 {[%emt 0:00:30]} 16. Qxd7 {[%emt 0:00:30]} Nxd7 {[%emt 0:00:30]} 17. Rfe1 {[%emt 0:02:30]} Nb6 {[%emt 0:04:30]} 18. Ne5 {[%emt 0:02:30]} Rad8 {[%emt 0:01:30]} 19. Rad1 {[%emt 0:03:30]} Rfe8 {[%emt 0:05:30]} 20. Bg3 {[%emt 0:08:30]} Bf8 {[%emt 0:02:30]} 21. Bh4 {[%emt 0:03:30]} f6 {[%emt 0:03:30]} 22. Nd3 {[%emt 0:02:30]} Kf7 {[%emt 0:00:30]} 23. Bg3 {[%emt 0:01:30]} Rd5 {[%emt 0:06:30]} 24. f3 {[%emt 0:16:30]} Na4 {[%emt 0:15:30]} 25. Re4 {[%emt 0:07:52]} c5 {[%emt 0:15:30]} 26. Nf4 {[%emt 0:03:35]} f5 {[%emt 0:04:36]} 27. Re2 $11 {[%emt 0:03:02]} (27. Nxd5 $16 fxe4 28. Nc7) 27... Rd7 {[%emt 0:05:17]} 28. Rde1 {[%emt 0:01:56]} Bd6 {[%emt 0:00:55]} 29. d5 {[%emt 0:01:46]} e5 {[%emt 0:06:22]} 30. Ne6 {[%emt 0:00:10]} f4 {[%emt 0:00:00]} 31. Bf2 {[%emt 0:00:55]} c4 {[%emt 0:00:38]} 32. Nxf4 {[%emt 0:00:37]} Bb8 {[%emt 0:00:55]} 33. Ne6 {[%emt 0:06:25]} Rxd5 {[%emt 0:00:20]} 34. Ng5+ {[%emt 0:00:06]} 1/2-1/2